[Event "OHRA-B"]
[Site "Amsterdam"]
[Date "1985.??.??"]
[Round "5"]
[White "Farago, Ivan"]
[Black "Polgar, Zsuzsa"]
[Result "1-0"]
[WhiteElo "2510"]
[BlackElo "2430"]
[PlyCount "97"]
[EventDate "1985.07.??"]
[EventType "swiss"]
[EventRounds "9"]
[EventCountry "NED"]
[Source "ChessBase"]
[SourceDate "1999.07.01"]

1. d4 Nf6 2. c4 c5 3. d5 b5 4. cxb5 a6 5. e3 axb5 6. Bxb5 Qa5+ 7. Nc3 Bb7 8.
Nge2 e6 9. O-O exd5 10. Qb3 Bc6 11. Bxc6 dxc6 12. e4 Bd6 13. exd5 O-O 14. Bf4
Bxf4 15. Nxf4 Qb4 16. g3 g5 17. Nd3 Qxb3 18. axb3 Rxa1 19. Rxa1 cxd5 20. Nxc5
Nc6 21. Ra6 Rc8 22. Nd3 Ne4 23. Nxd5 Rd8 24. Nc3 Nd2 25. Rxc6 Rxd3 26. Rc5 Nxb3
27. Rxg5+ Kf8 28. Rd5 Rf3 29. Ne4 Nc1 30. Ng5 Rb3 31. Rd7 Rxb2 32. Rxf7+ Kg8
33. Rd7 h6 34. Ne4 Rb6 35. Kg2 Nb3 36. Kf3 Re6 37. Rd3 Na5 38. Rd6 Rxd6 39.
Nxd6 Kg7 40. Ke4 Nb3 41. h4 Kf6 42. Kf4 Nd4 43. Ne4+ Kg6 44. Nd2 Ne6+ 45. Ke5
Nc5 46. Ne4 Nd7+ 47. Ke6 Nf8+ 48. Ke7 Nh7 49. g4 1-0

[Event "New York Manhattan"]
[Site "New York"]
[Date "1985.??.??"]
[Round "2"]
[White "Polgar, Zsuzsa"]
[Black "Lein, Anatoly"]
[Result "1/2-1/2"]
[WhiteElo "2430"]
[BlackElo "2465"]
[PlyCount "32"]
[EventDate "1985.09.??"]
[EventType "tourn"]
[EventRounds "9"]
[EventCountry "USA"]
[EventCategory "9"]
[Source "ChessBase"]
[SourceDate "1999.07.01"]

1. d4 Nf6 2. c4 e6 3. Nf3 b6 4. g3 Bb4+ 5. Bd2 Bxd2+ 6. Qxd2 c6 7. Nc3 d5 8.
Ne5 O-O 9. Bg2 Ba6 10. cxd5 cxd5 11. O-O Bb7 12. Rac1 Nbd7 13. Nb5 Ne4 14. Qe3
a6 15. Nxd7 Qxd7 16. Nc3 Nd6 1/2-1/2

[Event "New York Manhattan"]
[Site "New York"]
[Date "1985.??.??"]
[Round "4"]
[White "Polgar, Zsuzsa"]
[Black "Lobron, Eric"]
[Result "0-1"]
[WhiteElo "2430"]
[BlackElo "2505"]
[PlyCount "92"]
[EventDate "1985.09.??"]
[EventType "tourn"]
[EventRounds "9"]
[EventCountry "USA"]
[EventCategory "9"]
[Source "ChessBase"]
[SourceDate "1999.07.01"]

1. d4 d6 2. c4 e5 3. Nf3 Nd7 4. Nc3 Ngf6 5. Bg5 Be7 6. e3 O-O 7. Qc2 c6 8. Be2
Ne8 9. Bxe7 Qxe7 10. O-O Nc7 11. b4 Nf6 12. a4 Re8 13. a5 Bg4 14. dxe5 dxe5 15.
b5 e4 16. Nd4 c5 17. Nb3 Qe5 18. h3 Bxe2 19. Nxe2 Ne6 20. Nf4 Nxf4 21. exf4 Qc7
22. Qe2 Rad8 23. Rad1 b6 24. Qe3 h5 25. axb6 axb6 26. Nc1 Rd6 27. f3 exf3 28.
Qxf3 Re4 29. Nd3 Rdd4 30. Ne5 Rxf4 31. Qa8+ Kh7 32. Nf3 Rxd1 33. Rxd1 Rxc4 34.
Qa2 Qf4 35. Qb1+ Kh6 36. Qd3 Rc1 37. Rxc1 Qxc1+ 38. Kh2 Qf4+ 39. g3 Qc1 40. Nd2
Qb2 41. Kh1 g6 42. Kg1 Kg7 43. Kh1 Qe5 44. Nc4 Qe1+ 45. Kg2 Ne4 46. Qf3 Nxg3
0-1

[Event "New York Manhattan"]
[Site "New York"]
[Date "1985.??.??"]
[Round "5"]
[White "Lau, Ralf"]
[Black "Polgar, Zsuzsa"]
[Result "1/2-1/2"]
[WhiteElo "2410"]
[BlackElo "2430"]
[PlyCount "61"]
[EventDate "1985.09.??"]
[EventType "tourn"]
[EventRounds "9"]
[EventCountry "USA"]
[EventCategory "9"]
[Source "ChessBase"]
[SourceDate "1999.07.01"]

1. e4 c5 2. Nf3 Nc6 3. d4 cxd4 4. Nxd4 g6 5. c4 Nf6 6. Nc3 d6 7. Be2 Nxd4 8.
Qxd4 Bg7 9. Be3 O-O 10. Qd2 Be6 11. Rc1 Qa5 12. f3 Rfc8 13. b3 a6 14. Na4 Qxd2+
15. Kxd2 Nd7 16. g4 f5 17. gxf5 gxf5 18. Rhg1 Kh8 19. Nc3 fxe4 20. Nxe4 d5 21.
Ng5 Bg8 22. cxd5 Bxd5 23. Rg3 Rxc1 24. Kxc1 Nf6 25. Bd3 h6 26. Nh3 e5 27. Bg6
Rc8+ 28. Kd2 e4 29. f4 Rd8 30. Ke1 Rc8 31. Kd2 1/2-1/2

[Event "New York Manhattan"]
[Site "New York"]
[Date "1985.??.??"]
[Round "6"]
[White "Taylor, Timothy"]
[Black "Polgar, Zsuzsa"]
[Result "1-0"]
[WhiteElo "2480"]
[BlackElo "2430"]
[PlyCount "37"]
[EventDate "1985.09.??"]
[EventType "tourn"]
[EventRounds "9"]
[EventCountry "USA"]
[EventCategory "9"]
[Source "ChessBase"]
[SourceDate "1999.07.01"]

1. d4 Nf6 2. c4 g6 3. Nc3 Bg7 4. e4 d6 5. f4 O-O 6. Bd3 e5 7. fxe5 dxe5 8. d5
c5 9. Nf3 Ne8 10. O-O Nd7 11. Be3 Nd6 12. Nb5 Nxb5 13. cxb5 Qe7 14. Rc1 Kh8 15.
b4 cxb4 16. Rc7 Qd6 17. Qc2 Nb6 18. Ng5 Bh6 19. Rfxf7 1-0

[Event "New York Manhattan"]
[Site "New York"]
[Date "1985.??.??"]
[Round "7"]
[White "Polgar, Zsuzsa"]
[Black "Fedorowicz, John P"]
[Result "1-0"]
[WhiteElo "2430"]
[BlackElo "2520"]
[PlyCount "69"]
[EventDate "1985.09.??"]
[EventType "tourn"]
[EventRounds "9"]
[EventCountry "USA"]
[EventCategory "9"]
[Source "ChessBase"]
[SourceDate "1999.07.01"]

1. d4 Nf6 2. c4 g6 3. Nc3 Bg7 4. e4 d6 5. f4 O-O 6. Nf3 c5 7. d5 e6 8. Be2 exd5
9. cxd5 Bg4 10. O-O Bxf3 11. Bxf3 Nbd7 12. a4 a6 13. Be3 Re8 14. Bf2 Rb8 15. g4
h6 16. h4 b5 17. g5 Nh7 18. axb5 axb5 19. Qe2 c4 20. Nd1 Nc5 21. Bxc5 dxc5 22.
Nf2 Bd4 23. Kh1 hxg5 24. hxg5 Kg7 25. Nh3 Qd7 26. Kg2 f6 27. Ra6 fxg5 28. Rfa1
gxf4 29. Nxf4 Nf8 30. Bg4 Qe7 31. Ra7 Rb7 32. d6 Qf7 33. d7 Rd8 34. Rxb7 Qxf4
35. Ra8 1-0

[Event "New York Manhattan"]
[Site "New York"]
[Date "1985.??.??"]
[Round "8"]
[White "Dlugy, Maxim"]
[Black "Polgar, Zsuzsa"]
[Result "1-0"]
[WhiteElo "2485"]
[BlackElo "2430"]
[PlyCount "81"]
[EventDate "1985.09.??"]
[EventType "tourn"]
[EventRounds "9"]
[EventCountry "USA"]
[EventCategory "9"]
[Source "ChessBase"]
[SourceDate "1999.07.01"]

1. d4 Nf6 2. c4 g6 3. Nc3 Bg7 4. e4 d6 5. f3 O-O 6. Be3 c5 7. Nge2 Nc6 8. d5
Ne5 9. Ng3 a6 10. f4 Neg4 11. Bd2 e5 12. dxe6 fxe6 13. h3 Nh6 14. Be3 e5 15.
fxe5 Ne8 16. Qd5+ Kh8 17. exd6 Qxd6 18. Qxd6 Nxd6 19. Bxc5 Be5 20. O-O-O Nhf7
21. Bd4 Bxd4 22. Rxd4 Be6 23. c5 Ne8 24. Rb4 Nd8 25. e5 Rc8 26. Rd4 Nc6 27. Re4
Nb8 28. Rb4 Rxc5 29. Rxb7 Ng7 30. Be2 Rxe5 31. Rf1 Rc8 32. Bg4 Nc6 33. Rff7
Bxf7 34. Bxc8 Kg8 35. Rb6 Nd4 36. Bxa6 Nge6 37. Nge2 Nxe2+ 38. Bxe2 Nd4 39. Bd3
Re3 40. Kd2 Re8 41. Rd6 1-0

[Event "Trencianske Teplice"]
[Site "Trencianske Teplice"]
[Date "1985.??.??"]
[Round "1"]
[White "Polgar, Zsuzsa"]
[Black "Lechtynsky, Jiri"]
[Result "1-0"]
[WhiteElo "2430"]
[BlackElo "2450"]
[Annotator "ChessBase"]
[PlyCount "89"]
[EventDate "1985.11.??"]
[EventType "tourn"]
[EventRounds "15"]
[EventCountry "CZE"]
[EventCategory "9"]
[Source "ChessBase"]
[SourceDate "1999.07.01"]

1. d4 Nf6 2. c4 e6 3. Nf3 d5 4. Nc3 Be7 5. Bg5 Nbd7 6. e3 c6 7. Rc1 O-O 8. Bd3
a6 9. c5 Re8 10. Bf4 $1 Nh5 (10... b6 11. cxb6 Qxb6 12. O-O c5 13. Na4 $16) 11.
O-O (11. Ne5 $6 Nxf4 12. exf4 Nxe5 13. fxe5 Bg5 $1 $10) 11... g6 (11... f6 12.
Qc2 Nf8 13. h3 $16) 12. h3 Nxf4 13. exf4 Bf8 14. Qc2 (14. Ne5 Bh6 $1 15. Nxd7
Bxd7 $13) 14... Bg7 (14... Bh6 15. g3 f6 16. Rce1 e5 17. fxe5 fxe5 18. dxe5
Nxc5 19. Bxg6 $1 (19. Nxd5 $2 cxd5 20. Qxc5 Bxh3 $1) 19... hxg6 20. Qxg6+ Bg7
21. Ng5 Qe7 22. Re3 $18) 15. Rfe1 Nf8 (15... f6 16. Na4 e5 17. dxe5 fxe5 18.
fxe5 Nxe5 19. Nxe5 Rxe5 (19... Bxe5 20. Nb6 Rb8 21. Bxg6 $1 hxg6 22. Qxg6+ Kh8
23. Qh5+ $18) 20. Nb6 Rb8 21. Rxe5 Bxe5 22. Re1 Qf6 23. Qe2 $16) 16. Na4 Bd7
17. Nb6 Rb8 18. b4 $1 Qc7 (18... Re7 19. a4 Be8 20. b5 axb5 21. axb5 cxb5 22.
Qe2 Nd7 $2 23. Nxd5 $1 $18) 19. g3 f6 20. Kh2 Rbd8 (20... e5 21. dxe5 fxe5 22.
fxe5 Bxe5 23. Nxd7 Nxd7 24. Bxg6 $1 hxg6 25. Qxg6+ Kf8 26. Ng5 Nf6 27. Rxe5 $1
$18) 21. Qb2 Bc8 22. Re2 Nd7 23. Nxc8 $1 Rxc8 (23... Qxc8 24. Rce1 Nf8 25. a4 {
b5}) 24. Rce1 e5 $2 (24... Nf8 25. f5 $1 $16) (24... Kf7 25. a4 $16) 25. fxe5
fxe5 26. Nxe5 $1 (26. dxe5 Re7 27. Qd4 Rce8 $10) 26... Nxe5 27. dxe5 Re7 28. f4
Rf8 29. Qd4 Kh8 30. h4 $1 Qd7 31. Kg2 Qe6 32. Rf2 (32. h5 gxh5 33. f5 $18)
32... h5 33. Qb2 Ref7 34. Qc2 Kh7 35. Ref1 Kh6 36. f5 $1 (36. Qd2 Kh7 37. Qe2
Kh6 38. Qe3 Kh7 39. Qf3 Kh6 40. f5 $18) 36... gxf5 37. Bxf5 Rxf5 (37... Qxe5 $2
38. Qd2+) 38. Rxf5 Rxf5 39. Qxf5 Qxe5 40. Qxe5 Bxe5 41. Rf7 Kg6 42. Rxb7 Kf5
43. Kf3 d4 44. Rh7 Kg6 45. Ra7 1-0

[Event "Trencianske Teplice"]
[Site "Trencianske Teplice"]
[Date "1985.??.??"]
[Round "14"]
[White "Polgar, Zsuzsa"]
[Black "Dizdar, Goran"]
[Result "1/2-1/2"]
[WhiteElo "2430"]
[BlackElo "2450"]
[PlyCount "36"]
[EventDate "1985.11.??"]
[EventType "tourn"]
[EventRounds "15"]
[EventCountry "CZE"]
[EventCategory "9"]
[Source "ChessBase"]
[SourceDate "1999.07.01"]

1. d4 Nf6 2. Nf3 d5 3. e3 c5 4. dxc5 e6 5. c4 Bxc5 6. a3 O-O 7. Nc3 Nc6 8. b4
Bd6 9. Bb2 a5 10. b5 Ne5 11. Nd2 b6 12. cxd5 exd5 13. Be2 Bb7 14. O-O Re8 15.
Na4 Ne4 16. Bd4 Nc5 17. h3 Rc8 18. Rc1 Ned7 1/2-1/2

[Event "AUS op"]
[Site "Adelaide"]
[Date "1986.??.??"]
[Round "2"]
[White "Polgar, Zsuzsa"]
[Black "Jamieson, Robert Murray"]
[Result "1-0"]
[WhiteElo "2400"]
[BlackElo "2455"]
[PlyCount "45"]
[EventDate "1986.??.??"]
[EventType "swiss"]
[EventRounds "11"]
[EventCountry "AUS"]
[Source "ChessBase"]
[SourceDate "2002.11.25"]

1. d4 Nf6 2. Nf3 e6 3. Bf4 b6 4. Nbd2 Bb7 5. e3 Nh5 6. Bg5 Be7 7. Bxe7 Qxe7 8.
Bd3 d6 9. c4 Nd7 10. b4 a5 11. a3 f5 12. bxa5 Rxa5 13. Nb3 Ra7 14. d5 g6 15.
dxe6 Nf8 16. Nfd4 Ng7 17. c5 bxc5 18. Bb5+ Kd8 19. Nxc5 Nfxe6 20. Nxb7+ Kc8 21.
Nc6 Qg5 22. Nxa7+ Kxb7 23. Bc6+ 1-0

[Event "AUS op"]
[Site "Adelaide"]
[Date "1987.??.??"]
[Round "6"]
[White "Polgar, Zsuzsa"]
[Black "Garcia Palermo, Carlos H"]
[Result "1/2-1/2"]
[WhiteElo "2400"]
[BlackElo "2550"]
[PlyCount "49"]
[EventDate "1986.??.??"]
[EventType "swiss"]
[EventRounds "11"]
[EventCountry "AUS"]
[Source "ChessBase"]
[SourceDate "2002.11.25"]

1. d4 d5 2. Nf3 c5 3. c4 dxc4 4. d5 e6 5. Nc3 Nf6 6. e4 Nxe4 7. Nxe4 exd5 8.
Nc3 Be6 9. Ng5 Be7 10. Nxe6 fxe6 11. Qg4 Kf7 12. Qh5+ g6 13. Qf3+ Bf6 14. Bxc4
Nc6 15. Nxd5 exd5 16. Bxd5+ Kg7 17. Bxc6 bxc6 18. O-O Qd5 19. Bh6+ Kf7 20. Qg4
Rhe8 21. Rad1 Bd4 22. b4 Qe4 23. Qxe4 Rxe4 24. bxc5 Rd8 25. Be3 1/2-1/2

[Event "AUS op"]
[Site "Adelaide"]
[Date "1986.??.??"]
[Round "7"]
[White "Depasquale, Chris"]
[Black "Polgar, Zsuzsa"]
[Result "1-0"]
[WhiteElo "2245"]
[BlackElo "2400"]
[PlyCount "95"]
[EventDate "1986.??.??"]
[EventType "swiss"]
[EventRounds "11"]
[EventCountry "AUS"]
[Source "ChessBase"]
[SourceDate "2002.11.25"]

1. d4 Nf6 2. Bg5 c5 3. d5 Ne4 4. h4 h6 5. Bc1 e6 6. dxe6 dxe6 7. Qxd8+ Kxd8 8.
Nd2 Nf6 9. Nc4 Nbd7 10. Nf3 b6 11. a4 Ng4 12. Bf4 Bb7 13. Rd1 Ke8 14. e3 Be7
15. Be2 h5 16. O-O f6 17. Nd6+ Bxd6 18. Bxd6 Bc6 19. b3 Nh6 20. Bc4 e5 21. Rd2
Nf7 22. Rfd1 Nf8 23. Bxf8 Rxf8 24. Bb5 Bxb5 25. axb5 e4 26. Nh2 Rd8 27. Nf1
Rxd2 28. Rxd2 f5 29. Ng3 g6 30. Ne2 Ke7 31. Nf4 Rg8 32. c4 Nd6 33. Ra2 Nc8 34.
Kf1 Kf7 35. Rd2 Ke7 36. Ke2 Rg7 37. Rd5 Rg8 38. Re5+ Kd7 39. Re6 Ne7 40. Rf6
Ke8 41. Rd6 Kf7 42. Rd7 Kf6 43. Rxa7 Rb8 44. g3 Nc8 45. Nd5+ Ke6 46. Rg7 Ra8
47. Rxg6+ Kf7 48. Rc6 1-0

[Event "AUS op"]
[Site "Adelaide"]
[Date "1986.??.??"]
[Round "9"]
[White "Wohl, Aleksandar H"]
[Black "Polgar, Zsuzsa"]
[Result "0-1"]
[WhiteElo "2210"]
[BlackElo "2400"]
[PlyCount "76"]
[EventDate "1986.??.??"]
[EventType "swiss"]
[EventRounds "11"]
[EventCountry "AUS"]
[Source "ChessBase"]
[SourceDate "2002.11.25"]

1. e4 c5 2. Nf3 Nc6 3. Bb5 g6 4. O-O Bg7 5. c3 a6 6. Ba4 b5 7. Bc2 e5 8. a4 Bb7
9. Qe2 b4 10. d3 Nge7 11. Nbd2 O-O 12. Nb3 d6 13. Be3 f5 14. d4 exd4 15. cxd4
fxe4 16. Ng5 cxd4 17. Nxd4 Nxd4 18. Bxd4 Bxd4 19. Qc4+ d5 20. Qxd4 Nf5 21. Qxb4
Qxg5 22. Qxb7 Nh4 23. g3 Nf3+ 24. Kg2 Rab8 25. Qxa6 Rxb2 26. Qe6+ Kh8 27. Qc6
Qh5 28. h3 Nd4 29. Qc5 Qf3+ 30. Kg1 Nxc2 31. Rac1 Nb4 32. Qa7 Qf6 33. Rc7 h5
34. Qe3 g5 35. Qa7 Kg8 36. Qc5 Rc2 37. Qa5 Rxc7 38. Qxc7 Nd3 0-1

[Event "AUS op"]
[Site "Adelaide"]
[Date "1986.??.??"]
[Round "10"]
[White "Polgar, Zsuzsa"]
[Black "Pickles, Stephen"]
[Result "1-0"]
[WhiteElo "2400"]
[BlackElo "2205"]
[PlyCount "49"]
[EventDate "1986.??.??"]
[EventType "swiss"]
[EventRounds "11"]
[EventCountry "AUS"]
[Source "ChessBase"]
[SourceDate "2002.11.25"]

1. d4 Nf6 2. c4 g6 3. Nc3 Bg7 4. e4 d6 5. f3 e5 6. Nge2 O-O 7. Bg5 exd4 8. Nxd4
c6 9. Qd2 h6 10. Be3 d5 11. cxd5 cxd5 12. e5 Nfd7 13. f4 Nb6 14. Be2 Nc4 15.
Bxc4 dxc4 16. O-O b6 17. Qe2 Bb7 18. Rfd1 Nd7 19. e6 Nc5 20. Nf5 gxf5 21. Rxd8
Rfxd8 22. exf7+ Kf8 23. Bxc5+ bxc5 24. Re1 Bf6 25. Qh5 1-0

[Event "AUS op"]
[Site "Adelaide"]
[Date "1986.??.??"]
[Round "11"]
[White "Djuric, Stefan"]
[Black "Polgar, Zsuzsa"]
[Result "1-0"]
[WhiteElo "2435"]
[BlackElo "2400"]
[PlyCount "65"]
[EventDate "1986.??.??"]
[EventType "swiss"]
[EventRounds "11"]
[EventCountry "AUS"]
[Source "ChessBase"]
[SourceDate "2002.11.25"]

1. d4 Nf6 2. Nf3 g6 3. c4 Bg7 4. g3 O-O 5. Bg2 d6 6. O-O c5 7. Nc3 Nc6 8. dxc5
dxc5 9. Bf4 Nh5 10. Be3 Nd4 11. Qc1 Qa5 12. Kh1 Be6 13. Ng1 Bxc4 14. Bxb7 Rab8
15. Bg2 Rfc8 16. Bh3 e6 17. Rd1 Qb4 18. Rd2 a5 19. Qd1 f5 20. g4 Nf6 21. gxf5
gxf5 22. Bf4 Ra8 23. Bg2 Ra7 24. e3 Nc6 25. Bxc6 Rxc6 26. Rd8+ Kf7 27. h3 Qxb2
28. Nf3 Ne4 29. Ne5+ Bxe5 30. Qh5+ Ke7 31. Qe8+ Kf6 32. Bxe5+ Kg5 33. Nxe4+ 1-0

[Event "Hoogovens-B"]
[Site "Wijk aan Zee"]
[Date "1986.01.20"]
[Round "1"]
[White "Braga, Fernando Alberto"]
[Black "Polgar, Zsuzsa"]
[Result "1/2-1/2"]
[WhiteElo "2470"]
[BlackElo "2400"]
[PlyCount "79"]
[EventDate "1986.01.20"]
[EventType "tourn"]
[EventRounds "11"]
[EventCountry "NED"]
[EventCategory "8"]
[Source "ChessBase"]
[SourceDate "2001.11.25"]

1. e4 e5 2. Nf3 Nf6 3. Nxe5 d6 4. Nf3 Nxe4 5. d4 d5 6. Bd3 Bd6 7. O-O O-O 8. c4
c6 9. Nc3 Nxc3 10. bxc3 Bg4 11. h3 Bh5 12. Rb1 dxc4 13. Bxc4 b5 14. Bd3 Nd7 15.
Be4 Rc8 16. Qd3 Bg6 17. Bxg6 hxg6 18. c4 bxc4 19. Qxc4 Nb6 20. Qa6 Rc7 21. Ba3
Bxa3 22. Qxa3 Re8 23. Rfc1 Qd5 24. Rc5 Qd6 25. Ra5 Qxa3 26. Rxa3 f6 27. Rc1 g5
28. Ra5 Rd8 29. g3 Kf7 30. Kg2 Rd6 31. Rc3 Rdd7 32. Rc2 Ke8 33. g4 Kf7 34. Kg3
Nd5 35. Rac5 Ne7 36. Rb2 Rb7 37. Rxb7 Rxb7 38. Ra5 Nc8 39. Rc5 Ne7 40. Ra5
1/2-1/2

[Event "Hoogovens-B"]
[Site "Wijk aan Zee"]
[Date "1986.01.21"]
[Round "2"]
[White "Polgar, Zsuzsa"]
[Black "Piket, Jeroen"]
[Result "0-1"]
[WhiteElo "2400"]
[BlackElo "2410"]
[PlyCount "80"]
[EventDate "1986.01.20"]
[EventType "tourn"]
[EventRounds "11"]
[EventCountry "NED"]
[EventCategory "8"]
[Source "ChessBase"]
[SourceDate "2001.11.25"]

1. d4 Nf6 2. Nf3 g6 3. c4 Bg7 4. g3 O-O 5. Bg2 d6 6. O-O Nc6 7. Nc3 a6 8. b3 e5
9. dxe5 dxe5 10. Ba3 Re8 11. Qxd8 Rxd8 12. Rad1 Bf5 13. Nd5 e4 14. Ng5 Nxd5 15.
Rxd5 Rxd5 16. cxd5 Nd4 17. Bxe4 Nxe2+ 18. Kg2 Bxe4+ 19. Nxe4 f5 20. Nc5 Bf8 21.
b4 a5 22. Ne6 Bd6 23. Bb2 axb4 24. a3 Nc3 25. axb4 Nxd5 26. b5 Ra5 27. Ra1 b6
28. Nd4 Rxa1 29. Bxa1 Be5 30. f4 Bf6 31. Kf3 Kf7 32. Ke2 h5 33. Kd3 h4 34. Bb2
h3 35. Ba3 Bxd4 36. Kxd4 Nf6 37. Ke3 Ng4+ 38. Kf3 Nxh2+ 39. Kf2 Ng4+ 40. Kf3
Ne3 0-1

[Event "Hoogovens-B"]
[Site "Wijk aan Zee"]
[Date "1986.01.22"]
[Round "3"]
[White "Kuijf, Marinus"]
[Black "Polgar, Zsuzsa"]
[Result "1-0"]
[WhiteElo "2420"]
[BlackElo "2400"]
[PlyCount "145"]
[EventDate "1986.01.20"]
[EventType "tourn"]
[EventRounds "11"]
[EventCountry "NED"]
[EventCategory "8"]
[Source "ChessBase"]
[SourceDate "2002.11.25"]

1. e4 c5 2. Ne2 Nc6 3. Nbc3 g6 4. d4 cxd4 5. Nxd4 Bg7 6. Be3 Nf6 7. Bc4 O-O 8.
Bb3 a5 9. a3 Ng4 10. Qxg4 Nxd4 11. Bxd4 Bxd4 12. Qg3 d6 13. O-O-O Bxc3 14. Qxc3
Be6 15. h4 Rc8 16. Qe3 Qc7 17. Kb1 Bxb3 18. cxb3 Qc5 19. Qe2 Qe5 20. Rd5 Qe6
21. Rhd1 b6 22. f3 f5 23. e5 Rc6 24. Qb5 Rfc8 25. exd6 exd6 26. Qd3 Re8 27. h5
Qe3 28. hxg6 Qxd3+ 29. R5xd3 Re2 30. gxh7+ Kxh7 31. R3d2 Re6 32. Rc2 Rc5 33.
Rcd2 Rc6 34. Rd4 Kg6 35. b4 axb4 36. Rxb4 Kf6 37. Rd5 Re5 38. Rd2 Ke6 39. Ka2
Kd7 40. Rh4 Rcc5 41. Rh7+ Kc6 42. Rh4 Rcd5 43. Rc2+ Rc5 44. Rf2 Rc1 45. Rd2 Rd5
46. Rxd5 Kxd5 47. Rb4 Kc6 48. Kb3 d5 49. Rd4 Rg1 50. Rd2 Kc5 51. Kc3 f4 52. a4
Rc1+ 53. Kd3 Rg1 54. Rc2+ Kd6 55. Kc3 Kc5 56. b4+ Kd6 57. Ra2 Rc1+ 58. Kd3 Rd1+
59. Kc2 Rg1 60. a5 Kc7 61. Kc3 Kb7 62. Kd4 Rb1 63. Kxd5 Rxb4 64. axb6 Kxb6 65.
Rc2 Rb5+ 66. Ke4 Rb4+ 67. Kf5 Kb5 68. Kg4 Rd4 69. Re2 Kc5 70. Re4 Rd2 71. Kh3
Kd5 72. Rxf4 Ke5 73. Rf8 1-0

[Event "Hoogovens-B"]
[Site "Wijk aan Zee"]
[Date "1986.01.24"]
[Round "4"]
[White "Ivkov, Borislav"]
[Black "Polgar, Zsuzsa"]
[Result "1/2-1/2"]
[WhiteElo "2525"]
[BlackElo "2400"]
[PlyCount "49"]
[EventDate "1986.01.20"]
[EventType "tourn"]
[EventRounds "11"]
[EventCountry "NED"]
[EventCategory "8"]
[Source "ChessBase"]
[SourceDate "2001.11.25"]

1. d4 Nf6 2. c4 g6 3. Nc3 Bg7 4. e4 d6 5. Nf3 O-O 6. Be2 e5 7. dxe5 dxe5 8.
Qxd8 Rxd8 9. Bg5 Re8 10. Nd5 Nxd5 11. cxd5 c6 12. Bc4 cxd5 13. Bxd5 Nd7 14. Nd2
Nc5 15. O-O-O Be6 16. Bxe6 Nxe6 17. Be3 Bf8 18. Kb1 Bc5 19. Nc4 Bxe3 20. Nxe3
Kf8 21. Ng4 Nc5 22. f3 h5 23. Nf6 Re6 24. Nd5 Rd6 25. Rc1 1/2-1/2

[Event "Hoogovens-B"]
[Site "Wijk aan Zee"]
[Date "1986.01.25"]
[Round "5"]
[White "Polgar, Zsuzsa"]
[Black "Garcia Palermo, Carlos H"]
[Result "1/2-1/2"]
[WhiteElo "2400"]
[BlackElo "2550"]
[PlyCount "35"]
[EventDate "1986.01.20"]
[EventType "tourn"]
[EventRounds "11"]
[EventCountry "NED"]
[EventCategory "8"]
[Source "ChessBase"]
[SourceDate "2001.11.25"]

1. d4 d5 2. c4 dxc4 3. Nf3 c5 4. e3 e6 5. Bxc4 a6 6. a4 Nc6 7. O-O Be7 8. Qe2
cxd4 9. Rd1 Nf6 10. exd4 O-O 11. Nc3 Nd5 12. Qe4 Ncb4 13. Ne5 Qd6 14. Qg4 f5
15. Qf3 Bf6 16. Nxd5 Nxd5 17. Bxd5 Qxd5 18. Qxd5 1/2-1/2

[Event "Hoogovens-B"]
[Site "Wijk aan Zee"]
[Date "1986.01.28"]
[Round "7"]
[White "Polgar, Zsuzsa"]
[Black "Hulak, Krunoslav"]
[Result "1/2-1/2"]
[WhiteElo "2400"]
[BlackElo "2505"]
[PlyCount "34"]
[EventDate "1986.01.20"]
[EventType "tourn"]
[EventRounds "11"]
[EventCountry "NED"]
[EventCategory "8"]
[Source "ChessBase"]
[SourceDate "2001.11.25"]

1. d4 Nf6 2. c4 g6 3. Nc3 Bg7 4. e4 O-O 5. Be3 d6 6. f3 c6 7. Bd3 a6 8. Nge2 b5
9. b3 Nbd7 10. O-O Bb7 11. Qd2 Rc8 12. Rac1 e5 13. d5 cxd5 14. cxd5 Nc5 15. Bb1
Qa5 16. Nd1 Qxd2 17. Bxd2 Nfd7 1/2-1/2

[Event "Hoogovens-B"]
[Site "Wijk aan Zee"]
[Date "1986.01.30"]
[Round "9"]
[White "Polgar, Zsuzsa"]
[Black "Cuijpers, Frans Andre"]
[Result "1-0"]
[WhiteElo "2400"]
[BlackElo "2425"]
[PlyCount "77"]
[EventDate "1986.01.20"]
[EventType "tourn"]
[EventRounds "11"]
[EventCountry "NED"]
[EventCategory "8"]
[Source "ChessBase"]
[SourceDate "2002.11.25"]

1. d4 d5 2. c4 c6 3. Nf3 Nf6 4. e3 Bf5 5. Nc3 e6 6. Bd3 Bg6 7. Qe2 Nbd7 8. O-O
Bb4 9. Bd2 O-O 10. Bxg6 hxg6 11. Nxd5 Nxd5 12. cxd5 Bxd2 13. dxe6 Ba5 14. exd7
Bc7 15. b4 Qxd7 16. Rab1 a6 17. a4 Rfe8 18. Qc2 Qe7 19. Rfe1 Bd6 20. Qb3 Qe4
21. Nd2 Qh4 22. g3 Qf6 23. Nc4 Bc7 24. b5 axb5 25. axb5 Rad8 26. Rec1 Rd5 27.
bxc6 bxc6 28. Qb7 Re7 29. Nd2 Rd6 30. Ne4 Rxe4 31. Qxc7 Ree6 32. Rb7 Rd5 33.
Rb6 Rdd6 34. Rb8+ Kh7 35. Rf8 g5 36. Qxf7 Qh6 37. Qg8+ Kg6 38. Qf7+ Kh7 39.
Qf5+ 1-0

[Event "Hoogovens-B"]
[Site "Wijk aan Zee"]
[Date "1986.02.02"]
[Round "11"]
[White "Polgar, Zsuzsa"]
[Black "Douven, Rudy C"]
[Result "1/2-1/2"]
[WhiteElo "2400"]
[BlackElo "2380"]
[PlyCount "25"]
[EventDate "1986.01.20"]
[EventType "tourn"]
[EventRounds "11"]
[EventCountry "NED"]
[EventCategory "8"]
[Source "ChessBase"]
[SourceDate "2002.11.25"]

1. d4 Nf6 2. c4 d6 3. Nf3 Nbd7 4. Nc3 c6 5. g3 e5 6. Bg2 Be7 7. O-O O-O 8. e4
a6 9. d5 cxd5 10. cxd5 b5 11. a3 Nb6 12. Nd2 Qc7 13. Qe2 1/2-1/2

[Event "New York op"]
[Site "New York"]
[Date "1986.??.??"]
[Round "?"]
[White "Kudrin, Sergey"]
[Black "Polgar, Zsuzsa"]
[Result "1/2-1/2"]
[WhiteElo "2460"]
[BlackElo "2400"]
[PlyCount "27"]
[EventDate "1986.03.??"]
[EventType "swiss"]
[EventRounds "9"]
[EventCountry "USA"]
[Source "ChessBase"]
[SourceDate "1996.11.15"]

1. e4 e5 2. Nf3 Nf6 3. Nxe5 d6 4. Nf3 Nxe4 5. d4 d5 6. Bd3 Bd6 7. O-O O-O 8. c4
c6 9. Qc2 f5 10. Nc3 Na6 11. Qb3 Kh8 12. a3 Nc7 13. Re1 Be6 14. Bc2 1/2-1/2

[Event "New York op"]
[Site "New York"]
[Date "1986.??.??"]
[Round "?"]
[White "Pein, Malcolm"]
[Black "Polgar, Zsuzsa"]
[Result "0-1"]
[WhiteElo "2350"]
[BlackElo "2400"]
[PlyCount "71"]
[EventDate "1986.03.??"]
[EventType "swiss"]
[EventRounds "9"]
[EventCountry "USA"]
[Source "ChessBase"]
[SourceDate "1996.11.15"]

1. d4 d5 2. c4 dxc4 3. Nf3 c5 4. Nc3 Nf6 5. e4 cxd4 6. Qxd4 Qxd4 7. Nxd4 e5 8.
Ndb5 Kd8 9. Be3 Be6 10. Bxa7 Nbd7 11. Be3 Bb4 12. f3 Ra5 13. O-O-O Ke7 14. Be2
Rc8 15. a3 Bc5 16. Bxc5+ Nxc5 17. Bxc4 Bxc4 18. Nd6 Nb3+ 19. Kc2 Rac5 20. Nxc8+
Rxc8 21. Kb1 b5 22. Rhe1 Ke6 23. Re3 Nd4 24. f4 exf4 25. Ree1 Ke5 26. Nd5 Bb3
27. Rd2 Bc2+ 28. Ka2 Nxe4 29. Nxf4 Bb3+ 30. Kb1 Bc2+ 31. Ka2 b4 32. Nd3+ Kf5
33. g4+ Kg5 34. h4+ Kxh4 35. Rxe4 b3+ 36. Ka1 0-1